| 000 | 01180cam a2200217 4500 | ||
|---|---|---|---|
| 001 | X124860 | ||
| 008 | 040116n2003 000 0 eng u | ||
| 035 | _a(Sirsi) u124860 | ||
| 100 | _aHarwood, R. | ||
| 245 | _aDealing in Cultural Objects (Offences) Act 2003 | ||
| 260 | _c2003 | ||
| 490 |
_aArt Antiquity and Law _v8(4) December 2003, 347-355(9) |
||
| 520 | _aOutlines the content of the Dealing in Cultural Objects (Offences) Act 2003 which came into force on 30 December 2003. Under the Act, an individual commits a criminal offence when dealing with a cultural object if he or she knows or believes it to be tainted. Defines the terms cultural objects, tainted, dealing, knowing or believing and dishonesty. Explains which offences would be dealt with by the Theft Act 1968 and those where the 2003 Act would apply. | ||
| 520 | _aThis article is not held by the RICS Library but can be obtained via inter-library loan. Please ask Library staff for details. | ||
| 650 | _aDEALING IN CULTURAL OBJECTS (OFFENCES) ACT 2003 | ||
| 650 | _aCULTURAL OBJECTS | ||
| 650 | _aTHEFT ACT 1968 | ||
| 650 | _aCRIMINAL OFFENCE | ||
| 690 |
_aArts and antiques _96217 |
||
| 942 | _n0 | ||
| 999 |
_c74060 _d74060 |
||